000 00922cam a22003013a 4500
001 16392862
003 OSt
005 20160727110323.0
008 980507s1994 xxu 000 1 eng
010 _a 98814888
020 _a0671887408 (pbk.)
035 _a(DLC) 98814888
040 _aDLC
_cDLC
_dDLC
050 0 0 _aPZ 7
_b.L617 1994
082 _aKF
_bL56m 1994
100 1 _aLeroe, Ellen.
_96237
245 1 0 _aMonkey trouble /
_cby Ellen Leroe.
260 _aNew York :
_bMinstrel Books,
_cc1994.
300 _a150 p. :
_c19 cm.
562 _eFor Circulation. 1 copy in the collection
650 _aChildren's literature
_xFiction
_96238
650 _aFriendship
_xFiction
_96239
655 7 _aYoung adult fiction.
_2lcsh
_93735
710 2 _aCopyright Paperback Collection (Library of Congress)
_5DLC
_9705
906 _a7
_bcbc
_corignew
_d2
_encip
_f19
_gy-genrareb
942 _2lcc
_cBK
999 _c1002
_d1002